| 000 | 00589nam a22001817a 4500 | ||
|---|---|---|---|
| 999 |
_c126626 _d126626 |
||
| 001 | 1859133 | ||
| 003 | ARRUPE | ||
| 005 | 20170810114355.0 | ||
| 008 | 810831|1979 ||| 000 0 eng | ||
| 010 | _a 81980019 | ||
| 040 |
_aDLC _cDLC _dDLC |
||
| 050 | 0 | 0 | _aMLCS 81/1532 |
| 100 | 1 |
_aAdeyemo, Tokunboh. _934697 |
|
| 245 | 1 | 0 |
_aSalvation in African tradition / _cTokunboh Adeyemo. |
| 260 |
_aNairobi, Kenya (PO Box 28963, Nairobi) : _bEvangel Pub. House, _cc1979. |
||
| 300 | _a112 p. : ill. ; 22 cm. | ||
| 650 |
_aTheology, Doctrinal _zAfrica _98574 |
||
| 906 |
_a7 _bcbc _corignew _d4 _encip _f19 _gy-gencatlg |
||
| 942 |
_2lcc _cMONOGRAPH |
||